Ч. 2; Энергия молодых - экономике России

Bibliografiske detaljer
Parent link:Энергия молодых - экономике России=Energy of Youth for Russian Economy: сборник научных трудов XIII Международной научно-практической конференции студентов и молодых ученых, г. Томск, 16-19 апреля 2012 г./ Национальный исследовательский Томский политехнический университет (ТПУ) ; Вольное экономическое общество России (ВЭО России) ; Международный союз экономистов (МСЭ) ; под ред. В. В. Еремина [и др.]. Ч. 2.— , 2012.— 978-5-4387-0182-8
Summary:Сборник включает доклады участников XIII Международной научно-практической конференции студентов и молодых ученых. Содержание статей отражает современные проблемы развития российской экономики в условиях глобализации, особенности развития маркетинга, менеджмента и мониторинга окружающей среды. Студенты и молодые ученые уделяли большое внимание особенностям развития современной экономики России, проблемам становления менеджмента, маркетинга, природопользования. Многие рекомендации и выводы авторов могут представлять интерес для современной теории и практики управления.
Sprog:russisk
engelsk
Udgivet: 2012
Fag:
Format: MixedMaterials Bog
KOHA link:https://koha.lib.tpu.ru/cgi-bin/koha/opac-detail.pl?biblionumber=247805

MARC

LEADER 00000nam2a2200000 4500
001 247805
005 20231101232330.0
010 |a 9785438701842 
035 |a (RuTPU)RU\TPU\book\269414 
035 |a RU\TPU\book\250362 
090 |a 247805 
100 |a 20140115d2012 k y0rusy50 ca 
101 0 |a rus  |a eng 
102 |a RU 
105 |a a z 101zy 
200 0 |a Ч. 2 
210 |d 2012 
215 |a 396 с.  |c ил. 
320 |a Библиография в конце статей 
330 |a Сборник включает доклады участников XIII Международной научно-практической конференции студентов и молодых ученых. Содержание статей отражает современные проблемы развития российской экономики в условиях глобализации, особенности развития маркетинга, менеджмента и мониторинга окружающей среды. Студенты и молодые ученые уделяли большое внимание особенностям развития современной экономики России, проблемам становления менеджмента, маркетинга, природопользования. Многие рекомендации и выводы авторов могут представлять интерес для современной теории и практики управления. 
452 1 |0 (RuTPU)RU\TPU\book\259750  |t Ч. 2  |d 2011 
461 1 |0 (RuTPU)RU\TPU\book\270609  |y 978-5-4387-0182-8  |t Энергия молодых - экономике России  |l Energy of Youth for Russian Economy  |o сборник научных трудов XIII Международной научно-практической конференции студентов и молодых ученых, г. Томск, 16-19 апреля 2012 г.  |o в 2 ч.  |f Национальный исследовательский Томский политехнический университет (ТПУ) ; Вольное экономическое общество России (ВЭО России) ; Международный союз экономистов (МСЭ) ; под ред. В. В. Еремина [и др.]  |v Ч. 2  |d 2012 
606 1 |a Экономика  |x Россия  |2 stltpush  |3 (RuTPU)RU\TPU\subj\37358  |9 58389 
610 1 |a менеджмент 
610 1 |a управление 
610 1 |a качество 
610 1 |a кадры 
610 1 |a инновации 
610 1 |a риск-менеджмент 
610 1 |a финансы 
610 1 |a банки 
610 1 |a конкурентные преимущества 
610 1 |a электронная коммерция 
610 1 |a антикризисное управление 
610 1 |a финансовое оздоровление 
610 1 |a венчурные инвестиции 
610 1 |a экономический кризис 
610 1 |a бизнес 
610 1 |a оценка 
610 1 |a стоимость 
610 1 |a единая социальная карта 
610 1 |a конференции 
610 1 |a труды учёных ТПУ 
686 |a У9(2)0л0  |v LBC/SL-A  |2 rubbk 
801 1 |a RU  |b 63413507  |c 20120217 
801 2 |a RU  |b 63413507  |c 20140128  |g RCR 
942 |c BK